[Event "Nino Khurtsidze Memorial 2019"]
[Site "Vani"]
[Date "2019.09.17"]
[Round "3.4"]
[White "Zhukova, Natalia"]
[Black "Khotenashvili, Bela"]
[Result "1/2-1/2"]
[WhiteElo "2333"]
[BlackElo "2453"]
[Annotator "ChessBase"]
[PlyCount "69"]
[EventDate "2019.09.17"]
[EventType "tourn"]
[EventCountry "GEO"]
[SourceTitle "playchess.com"]
[Source "ChessBase"]
[SourceQuality "1"]
[TimeControl "900+10"]

1. c4 {[%emt 0:00:00]} c5 {[%emt 0:00:00]} 2. Nf3 {[%emt 0:00:00]} g6 {[%emt 0:00:03]} 3. d4 {[%emt 0:00:24]} cxd4 {[%emt 0:00:09]} 4. Nxd4 {[%emt 0:00:01]} Nf6 {[%emt 0:00:12]} 5. Nc3 {[%emt 0:00:04]} Nc6 {[%emt 0:00:11]} 6. e4 {[%emt 0:00:10]} d6 {[%emt 0:00:24]} 7. Be2 {[%emt 0:00:04]} Nxd4 {[%emt 0:00:07]} 8. Qxd4 {[%emt 0:00:03]} Bg7 {[%emt 0:00:01]} 9. Be3 {[%emt 0:00:18]} O-O {[%emt 0:00:19]} 10. Qd2 {[%emt 0:00:05]} a5 {[%emt 0:00:25]} 11. f3 {[%emt 0:00:32]} a4 {[%emt 0:00:05]} 12. Rb1 {[%emt 0:01:12]} Qa5 {[%emt 0:00:16]} 13. O-O {[%emt 0:03:15]} Be6 {[%emt 0:00:25]} 14. Rfc1 {[%emt 0:01:48]} Rfc8 {[%emt 0:00:16]} 15. b4 {[%emt 0:00:44]} axb3 {[%emt 0:00:23]} 16. axb3 {[%emt 0:00:02]} Qb4 {[%emt 0:02:49]} 17. Na4 {[%emt 0:01:01]} Qxd2 {[%emt 0:00:08]} 18. Bxd2 {[%emt 0:00:01]} Nd7 {[%emt 0:00:04]} 19. Be3 {[%emt 0:02:46]} f5 {[%emt 0:01:18]} 20. Bd3 {[%emt 0:01:16]} Ne5 {[%emt 0:06:48]} 21. Bc2 {[%emt 0:00:01]} Rc7 {[%emt 0:00:35]} 22. Re1 {[%emt 0:00:42]} Kf7 {[%emt 0:00:30]} 23. Re2 {[%emt 0:02:30]} fxe4 {[%emt 0:01:50]} 24. Bxe4 {[%emt 0:00:20]} Nxc4 {[%emt 0:00:36]} 25. Rc1 {[%emt 0:01:38]} Nxe3 {[%emt 0:00:55]} 26. Rxc7 {[%emt 0:00:02]} Bxb3 {[%emt 0:00:04]} 27. Rxb7 {[%emt 0:00:10]} Rxa4 {[%emt 0:00:22]} 28. Rxb3 {[%emt 0:00:02]} Nf5 {[%emt 0:00:11]} 29. Bxf5 {[%emt 0:00:27]} gxf5 {[%emt 0:00:01]} 30. Rb7 {[%emt 0:00:11]} Ra1+ {[%emt 0:00:17]} 31. Kf2 {[%emt 0:00:01]} Bd4+ {[%emt 0:00:08]} 32. Kg3 {[%emt 0:00:01]} Be5+ {[%emt 0:00:00]} 33. f4 {[%emt 0:00:28]} Bf6 {[%emt 0:00:02]} 34. Kf3 {[%emt 0:00:06]} Ra3+ {[%emt 0:00:06]} 35. Re3 {[%emt 0:00:06]} 1/2-1/2

[Event "Nino Khurtsidze Memorial 2019"]
[Site "Vani"]
[Date "2019.09.17"]
[Round "3.5"]
[White "Arabidze, Meri"]
[Black "Batsiashvili, Nino"]
[Result "1/2-1/2"]
[WhiteElo "2398"]
[BlackElo "2415"]
[Annotator "ChessBase"]
[PlyCount "48"]
[EventDate "2019.09.17"]
[EventType "tourn"]
[EventCountry "GEO"]
[SourceTitle "playchess.com"]
[Source "ChessBase"]
[SourceQuality "1"]
[TimeControl "900+10"]

1. d4 {[%emt 0:00:00]} Nf6 {[%emt 0:00:00]} 2. c4 {[%emt 0:00:00]} e6 {[%emt 0:00:00]} 3. Nf3 {[%emt 0:00:00]} b6 {[%emt 0:00:00]} 4. g3 {[%emt 0:00:01]} Bb7 {[%emt 0:00:24]} 5. Bg2 {[%emt 0:00:01]} Bb4+ {[%emt 0:00:04]} 6. Bd2 {[%emt 0:00:25]} a5 {[%emt 0:00:25]} 7. O-O {[%emt 0:00:15]} O-O {[%emt 0:00:03]} 8. Bf4 {[%emt 0:00:26]} Na6 {[%emt 0:00:39]} 9. c5 {[%emt 0:01:11]} a4 {[%emt 0:00:21]} 10. cxb6 {[%emt 0:00:47]} Bc6 {[%emt 0:00:22]} 11. bxc7 {[%emt 0:00:52]} Nxc7 {[%emt 0:00:02]} 12. Ne5 {[%emt 0:01:26]} Bxg2 {[%emt 0:00:16]} 13. Kxg2 {[%emt 0:00:01]} Ncd5 {[%emt 0:00:30]} 14. Bg5 {[%emt 0:00:49]} Qb6 {[%emt 0:00:57]} 15. Bxf6 {[%emt 0:02:46]} Nxf6 {[%emt 0:00:01]} 16. a3 {[%emt 0:01:10]} Bd6 {[%emt 0:01:11]} 17. Nc3 {[%emt 0:01:16]} Bxe5 {[%emt 0:03:04]} 18. dxe5 {[%emt 0:00:02]} Ng4 {[%emt 0:00:01]} 19. Qxd7 {[%emt 0:02:32]} Nxe5 {[%emt 0:00:46]} 20. Qb5 {[%emt 0:00:13]} Qxb5 {[%emt 0:00:09]} 21. Nxb5 {[%emt 0:00:01]} Rfb8 {[%emt 0:00:24]} 22. Nc3 {[%emt 0:00:11]} Rxb2 {[%emt 0:00:33]} 23. Rfb1 {[%emt 0:00:41]} Rxb1 {[%emt 0:00:02]} 24. Rxb1 {[%emt 0:00:04]} Nc4 {[%emt 0:00:02]} 1/2-1/2

[Event "Nino Khurtsidze Memorial 2019"]
[Site "Vani"]
[Date "2019.09.17"]
[Round "4.1"]
[White "Mamedjarova, Zeinab"]
[Black "Batsiashvili, Nino"]
[Result "0-1"]
[WhiteElo "2300"]
[BlackElo "2415"]
[Annotator "ChessBase"]
[PlyCount "98"]
[EventDate "2019.09.17"]
[EventType "tourn"]
[EventCountry "GEO"]
[SourceTitle "playchess.com"]
[Source "ChessBase"]
[SourceQuality "1"]
[TimeControl "900+10"]

1. d4 {[%emt 0:00:00]} Nf6 {[%emt 0:00:00]} 2. Nf3 {[%emt 0:00:00]} d5 {[%emt 0:00:00]} 3. e3 {[%emt 0:00:00]} Bf5 {[%emt 0:00:24]} 4. c4 {[%emt 0:00:05]} e6 {[%emt 0:00:08]} 5. Bd3 {[%emt 0:00:25]} Bg6 {[%emt 0:00:09]} 6. O-O {[%emt 0:00:15]} Nbd7 {[%emt 0:00:05]} 7. Nc3 {[%emt 0:00:12]} c6 {[%emt 0:00:15]} 8. Qe2 {[%emt 0:01:17]} Be7 {[%emt 0:00:39]} 9. e4 {[%emt 0:01:35]} dxe4 {[%emt 0:00:05]} 10. Nxe4 {[%emt 0:00:02]} O-O {[%emt 0:00:17]} 11. Bf4 {[%emt 0:00:40]} Nxe4 {[%emt 0:02:12]} 12. Bxe4 {[%emt 0:00:01]} Qb6 {[%emt 0:00:15]} 13. Bxg6 {[%emt 0:00:36]} hxg6 {[%emt 0:00:02]} 14. Rad1 {[%emt 0:00:10]} Rfe8 {[%emt 0:01:35]} 15. a3 {[%emt 0:01:37]} a5 {[%emt 0:00:22]} 16. h3 {[%emt 0:01:16]} Bf6 {[%emt 0:00:11]} 17. Rd2 {[%emt 0:01:14]} c5 {[%emt 0:01:43]} 18. Be5 {[%emt 0:02:30]} cxd4 {[%emt 0:00:52]} 19. Bxd4 {[%emt 0:00:03]} Nc5 {[%emt 0:00:30]} 20. Ne5 {[%emt 0:00:17]} Qc7 {[%emt 0:01:15]} 21. Qe3 {[%emt 0:00:31]} Rac8 {[%emt 0:00:13]} 22. Re1 {[%emt 0:00:48]} a4 {[%emt 0:00:10]} 23. Bc3 {[%emt 0:01:37]} Red8 {[%emt 0:01:37]} 24. Red1 {[%emt 0:00:03]} Rxd2 {[%emt 0:00:59]} 25. Rxd2 {[%emt 0:00:02]} Bxe5 {[%emt 0:00:35]} 26. Bxe5 {[%emt 0:00:08]} Qc6 {[%emt 0:00:01]} 27. Rd6 {[%emt 0:01:10]} Qe4 {[%emt 0:00:08]} 28. Qxe4 {[%emt 0:00:33]} Nxe4 {[%emt 0:00:01]} 29. Rb6 {[%emt 0:00:06]} Rxc4 {[%emt 0:00:31]} 30. Rxb7 {[%emt 0:00:01]} f6 {[%emt 0:00:14]} 31. Rc7 {[%emt 0:01:41]} Rxc7 {[%emt 0:01:29]} 32. Bxc7 {[%emt 0:00:02]} Nd2 {[%emt 0:00:19]} 33. Ba5 {[%emt 0:00:07]} Nc4 {[%emt 0:00:01]} 34. Bc3 {[%emt 0:00:03]} e5 {[%emt 0:00:06]} 35. Kf1 {[%emt 0:01:01]} Kf7 {[%emt 0:00:00]} 36. Ke2 {[%emt 0:00:01]} Ke6 {[%emt 0:00:01]} 37. Kd3 {[%emt 0:00:05]} Kd5 {[%emt 0:00:01]} 38. f3 {[%emt 0:00:01]} g5 {[%emt 0:00:11]} 39. g3 {[%emt 0:00:59]} g6 {[%emt 0:00:11]} 40. g4 {[%emt 0:00:13]} f5 {[%emt 0:00:34]} 41. Ke2 {[%emt 0:00:08]} Nd6 {[%emt 0:02:40]} 42. Kd3 {[%emt 0:00:04]} e4+ {[%emt 0:00:09]} 43. fxe4+ {[%emt 0:00:02]} Nxe4 {[%emt 0:00:01]} 44. Be1 {[%emt 0:00:26]} f4 {[%emt 0:00:10]} 45. Bc3 {[%emt 0:00:11]} Nxc3 {[%emt 0:00:46]} 46. bxc3 {[%emt 0:00:09]} Kc5 {[%emt 0:00:08]} 47. c4 {[%emt 0:00:10]} f3 {[%emt 0:00:04]} 48. Ke3 {[%emt 0:00:06]} Kxc4 {[%emt 0:00:01]} 49. Kxf3 {[%emt 0:00:02]} Kb3 {[%emt 0:00:00]} 0-1

[Event "Nino Khurtsidze Memorial 2019"]
[Site "Vani"]
[Date "2019.09.17"]
[Round "4.2"]
[White "Khotenashvili, Bela"]
[Black "Arabidze, Meri"]
[Result "1/2-1/2"]
[WhiteElo "2453"]
[BlackElo "2398"]
[Annotator "ChessBase"]
[PlyCount "63"]
[EventDate "2019.09.17"]
[EventType "tourn"]
[EventCountry "GEO"]
[SourceTitle "playchess.com"]
[Source "ChessBase"]
[SourceQuality "1"]
[TimeControl "900+10"]

1. d4 {[%emt 0:00:00]} d5 {[%emt 0:00:00]} 2. Bf4 {[%emt 0:00:00]} Nf6 {[%emt 0:00:00]} 3. e3 {[%emt 0:00:02]} e6 {[%emt 0:00:02]} 4. Nf3 {[%emt 0:00:08]} c5 {[%emt 0:00:03]} 5. Nbd2 {[%emt 0:00:05]} Nc6 {[%emt 0:00:02]} 6. c3 {[%emt 0:00:03]} Bd6 {[%emt 0:00:07]} 7. Bg3 {[%emt 0:00:18]} O-O {[%emt 0:00:07]} 8. Bd3 {[%emt 0:00:10]} b6 {[%emt 0:00:06]} 9. Qe2 {[%emt 0:00:18]} Bb7 {[%emt 0:00:01]} 10. Rd1 {[%emt 0:01:20]} h6 {[%emt 0:00:02]} 11. a3 {[%emt 0:00:10]} Re8 {[%emt 0:02:52]} 12. Ne5 {[%emt 0:02:09]} Qc7 {[%emt 0:00:03]} 13. f4 {[%emt 0:01:01]} Ne7 {[%emt 0:00:09]} 14. Bh4 {[%emt 0:03:18]} Ne4 {[%emt 0:00:09]} 15. Bxe7 {[%emt 0:00:10]} Qxe7 {[%emt 0:00:31]} 16. O-O {[%emt 0:01:04]} f6 {[%emt 0:00:44]} 17. Ng4 {[%emt 0:01:12]} Rac8 {[%emt 0:00:50]} 18. Nxe4 {[%emt 0:01:22]} dxe4 {[%emt 0:00:03]} 19. Ba6 {[%emt 0:01:50]} cxd4 {[%emt 0:02:11]} 20. exd4 {[%emt 0:00:24]} Bxa6 {[%emt 0:01:42]} 21. Qxa6 {[%emt 0:00:02]} f5 {[%emt 0:00:30]} 22. Ne5 {[%emt 0:01:06]} g5 {[%emt 0:00:21]} 23. g3 {[%emt 0:00:33]} Kh7 {[%emt 0:01:13]} 24. Kh1 {[%emt 0:00:34]} gxf4 {[%emt 0:01:12]} 25. gxf4 {[%emt 0:00:02]} Rg8 {[%emt 0:00:25]} 26. Rg1 {[%emt 0:00:45]} Bxe5 {[%emt 0:01:47]} 27. dxe5 {[%emt 0:00:17]} Rcd8 {[%emt 0:00:07]} 28. Qe2 {[%emt 0:00:46]} Rxd1 {[%emt 0:00:20]} 29. Qxd1 {[%emt 0:00:07]} Rxg1+ {[%emt 0:00:59]} 30. Kxg1 {[%emt 0:00:03]} Qc5+ {[%emt 0:01:28]} 31. Kg2 {[%emt 0:00:13]} Qd5 {[%emt 0:00:06]} 32. Qxd5 {[%emt 0:00:29]} 1/2-1/2

[Event "Nino Khurtsidze Memorial 2019"]
[Site "Vani"]
[Date "2019.09.17"]
[Round "4.3"]
[White "Kachiani-Gersinska, Ketino"]
[Black "Zhukova, Natalia"]
[Result "1-0"]
[WhiteElo "2317"]
[BlackElo "2333"]
[Annotator "NA"]
[PlyCount "67"]
[EventDate "2019.09.17"]
[EventType "tourn"]
[EventCountry "GEO"]
[SourceTitle "playchess.com"]
[Source "ChessBase"]
[SourceQuality "1"]
[TimeControl "900+10"]

1. c4 {[%emt 0:00:00]} c5 {[%emt 0:00:00]} 2. Nf3 {[%emt 0:00:00]} Nf6 {[%emt 0:00:01]} 3. Nc3 {[%emt 0:00:03]} e6 {[%emt 0:00:10]} 4. e4 {[%emt 0:01:11]} Nc6 {[%emt 0:00:50]} 5. Be2 {[%emt 0:01:11]} d5 {[%emt 0:00:10]} 6. exd5 {[%emt 0:00:47]} exd5 {[%emt 0:00:02]} 7. d4 {[%emt 0:00:14]} Be7 {[%emt 0:01:47]} 8. O-O {[%emt 0:03:03]} O-O {[%emt 0:00:37]} 9. Be3 {[%emt 0:00:47]} cxd4 {[%emt 0:01:59]} 10. Nxd4 {[%emt 0:00:09]} Nxd4 {[%emt 0:00:57]} 11. Qxd4 {[%emt 0:02:18]} dxc4 {[%emt 0:00:16]} 12. Bxc4 {[%emt 0:01:59]} Ng4 {[%emt 0:06:29]} 13. Qxd8 {[%emt 0:00:05]} Rxd8 {[%emt 0:00:02]} 14. Nd5 {[%emt 0:00:02]} Bd6 {[%emt 0:00:48]} 15. Bg5 {[%emt 0:02:16]} Re8 {[%emt 0:00:06]} 16. h3 {[%emt 0:00:47]} Ne5 {[%emt 0:00:18]} 17. Bb3 {[%emt 0:00:23]} Bxh3 {[%emt 0:00:40]} 18. f4 {[%emt 0:00:02]} Nd3 {[%emt 0:02:28]} 19. gxh3 {[%emt 0:00:43]} Re2 {[%emt 0:00:10]} 20. Bc4 {[%emt 0:01:36]} Bc5+ {[%emt 0:00:01]} 21. Kh1 {[%emt 0:00:01]} Nf2+ {[%emt 0:00:01]} 22. Kg2 {[%emt 0:00:01]} Rxb2 {[%emt 0:00:01]} 23. Rab1 {[%emt 0:00:07]} Rc2 {[%emt 0:00:37]} 24. Rfc1 {[%emt 0:00:17]} Rxc1 {[%emt 0:00:15]} 25. Rxc1 {[%emt 0:00:01]} Ne4 {[%emt 0:00:08]} 26. Be7 {[%emt 0:00:10]} Bd4 {[%emt 0:00:12]} 27. Bb4 {[%emt 0:00:12]} g6 {[%emt 0:00:10]} 28. Kf3 {[%emt 0:00:09]} Nc5 {[%emt 0:00:12]} 29. Rd1 {[%emt 0:00:12]} a5 {[%emt 0:00:12]} 30. Ba3 {[%emt 0:00:10]} Ne6 {[%emt 0:00:09]} 31. Ne7+ {[%emt 0:00:04]} Kg7 {[%emt 0:00:02]} 32. Bxe6 {[%emt 0:00:02]} fxe6 {[%emt 0:00:04]} 33. Rxd4 {[%emt 0:00:01]} b5 {[%emt 0:00:01]} 34. Rd7 {[%emt 0:00:02]} 1-0

[Event "Nino Khurtsidze Memorial 2019"]
[Site "Vani"]
[Date "2019.09.17"]
[Round "4.4"]
[White "Lomineishvili, Maia"]
[Black "Melia, Salome"]
[Result "1/2-1/2"]
[WhiteElo "2342"]
[BlackElo "2376"]
[Annotator "NA"]
[PlyCount "43"]
[EventDate "2019.09.17"]
[EventType "tourn"]
[EventCountry "GEO"]
[SourceTitle "playchess.com"]
[Source "ChessBase"]
[SourceQuality "1"]
[TimeControl "900+10"]

1. d4 {[%emt 0:00:00]} Nf6 {[%emt 0:00:00]} 2. Nc3 {[%emt 0:00:06]} g6 {[%emt 0:00:21]} 3. e4 {[%emt 0:00:08]} d6 {[%emt 0:00:01]} 4. Bg5 {[%emt 0:00:13]} Bg7 {[%emt 0:00:02]} 5. Qd2 {[%emt 0:00:06]} h6 {[%emt 0:00:05]} 6. Bh4 {[%emt 0:00:27]} c6 {[%emt 0:00:43]} 7. f3 {[%emt 0:00:37]} b5 {[%emt 0:00:53]} 8. Bd3 {[%emt 0:01:54]} e5 {[%emt 0:01:12]} 9. dxe5 {[%emt 0:01:29]} dxe5 {[%emt 0:00:02]} 10. Bf2 {[%emt 0:04:06]} O-O {[%emt 0:03:45]} 11. Be3 {[%emt 0:00:51]} Kh7 {[%emt 0:00:11]} 12. a4 {[%emt 0:00:41]} b4 {[%emt 0:00:31]} 13. Nce2 {[%emt 0:00:09]} a5 {[%emt 0:00:02]} 14. h4 {[%emt 0:00:14]} Nh5 {[%emt 0:01:23]} 15. g3 {[%emt 0:01:50]} Na6 {[%emt 0:00:23]} 16. Nh3 {[%emt 0:00:34]} Bxh3 {[%emt 0:00:55]} 17. Rxh3 {[%emt 0:00:02]} Qe7 {[%emt 0:00:55]} 18. Bxa6 {[%emt 0:00:52]} Rxa6 {[%emt 0:00:02]} 19. Rd1 {[%emt 0:00:49]} Raa8 {[%emt 0:03:01]} 20. Qd7 {[%emt 0:00:50]} Qxd7 {[%emt 0:00:28]} 21. Rxd7 {[%emt 0:00:01]} Nf6 {[%emt 0:00:12]} 22. Rd6 {[%emt 0:00:13]} 1/2-1/2

[Event "Nino Khurtsidze Memorial 2019"]
[Site "Vani"]
[Date "2019.09.17"]
[Round "4.5"]
[White "Javakhishvili, Lela"]
[Black "Dzagnidze, Nana"]
[Result "1/2-1/2"]
[WhiteElo "2458"]
[BlackElo "2502"]
[Annotator "ChessBase"]
[PlyCount "67"]
[EventDate "2019.09.17"]
[EventType "tourn"]
[EventCountry "GEO"]
[SourceTitle "playchess.com"]
[Source "ChessBase"]
[SourceQuality "1"]
[TimeControl "900+10"]

1. d4 {[%emt 0:00:00]} Nf6 {[%emt 0:00:00]} 2. c4 {[%emt 0:00:00]} e6 {[%emt 0:00:00]} 3. Nf3 {[%emt 0:00:00]} d5 {[%emt 0:00:11]} 4. Nc3 {[%emt 0:00:02]} c6 {[%emt 0:02:14]} 5. Bg5 {[%emt 0:00:39]} h6 {[%emt 0:00:27]} 6. Bxf6 {[%emt 0:00:08]} Qxf6 {[%emt 0:00:03]} 7. e3 {[%emt 0:00:43]} Nd7 {[%emt 0:00:46]} 8. Qc2 {[%emt 0:00:08]} g6 {[%emt 0:01:19]} 9. e4 {[%emt 0:00:10]} dxe4 {[%emt 0:00:17]} 10. Nxe4 {[%emt 0:00:02]} Bb4+ {[%emt 0:00:08]} 11. Nc3 {[%emt 0:00:40]} c5 {[%emt 0:01:09]} 12. a3 {[%emt 0:01:14]} Bxc3+ {[%emt 0:00:17]} 13. Qxc3 {[%emt 0:00:31]} b6 {[%emt 0:00:26]} 14. Rd1 {[%emt 0:00:39]} Bb7 {[%emt 0:00:25]} 15. Be2 {[%emt 0:00:39]} Rd8 {[%emt 0:03:09]} 16. O-O {[%emt 0:00:47]} O-O {[%emt 0:00:05]} 17. Qe3 {[%emt 0:02:11]} Kg7 {[%emt 0:01:17]} 18. Rfe1 {[%emt 0:00:23]} Bxf3 {[%emt 0:01:10]} 19. Bxf3 {[%emt 0:00:41]} cxd4 {[%emt 0:00:01]} 20. Rxd4 {[%emt 0:00:47]} Ne5 {[%emt 0:00:09]} 21. Rxd8 {[%emt 0:01:54]} Nxf3+ {[%emt 0:00:02]} 22. Qxf3 {[%emt 0:00:01]} Qxf3 {[%emt 0:00:36]} 23. gxf3 {[%emt 0:00:01]} Rxd8 {[%emt 0:00:01]} 24. Re3 {[%emt 0:01:15]} Rd2 {[%emt 0:00:36]} 25. b3 {[%emt 0:00:29]} Kf6 {[%emt 0:00:12]} 26. Rc3 {[%emt 0:00:23]} Ke7 {[%emt 0:02:17]} 27. c5 {[%emt 0:00:36]} Kd7 {[%emt 0:00:29]} 28. cxb6 {[%emt 0:00:23]} axb6 {[%emt 0:00:01]} 29. Kg2 {[%emt 0:00:11]} e5 {[%emt 0:00:17]} 30. a4 {[%emt 0:00:19]} g5 {[%emt 0:00:31]} 31. Rc4 {[%emt 0:00:17]} Rd3 {[%emt 0:00:27]} 32. Rb4 {[%emt 0:00:06]} Kc6 {[%emt 0:00:02]} 33. Rc4+ {[%emt 0:00:17]} Kd7 {[%emt 0:00:09]} 34. Rb4 1/2-1/2

[Event "Nino Khurtsidze Memorial 2019"]
[Site "Vani"]
[Date "2019.09.18"]
[Round "5.1"]
[White "Dzagnidze, Nana"]
[Black "Mamedjarova, Zeinab"]
[Result "1-0"]
[WhiteElo "2502"]
[BlackElo "2300"]
[Annotator "TA"]
[PlyCount "75"]
[EventDate "2019.09.17"]
[EventType "tourn"]
[EventCountry "GEO"]
[SourceTitle "playchess.com"]
[Source "ChessBase"]
[SourceQuality "1"]

{[%evp 12,81,12,5,35,17,38,20,38,41,33,35,33,20,18,5,20,13,12,0,19,0,53,65,60,46,76,56,46,0,87,-39,-39,-39,-31,-41,-22,-38,0,0,0,0,0,-59,0,0,0,-20,0,-20,0,-52,0,0,58,-127,243,239,322,308,424,373,414,380,510,445,29984,29985,29985,29986,29995,29996]} 1. e4 e5 2. Nf3 Nc6 3. Bc4 Bc5 4. O-O Nf6 5. d3 d6 6. a4 O-O 7. c3 {Hoping for b4.} Bb6 {C54: Giuoco Piano: 4 c3 Nf6, main lines with 5 d4 and 5 d3} (7... a6 8. Re1 Ba7 9. h3 Ne7 10. Nbd2 Ng6 11. Nf1 Be6 12. Bxe6 fxe6 13. Ng3 h6 14. d4 Nd7 15. Be3 Qe7 16. a5 Kh7 17. Nd2 Rf7 18. Nc4 {½-½ (57) Caruana,F (2822)-Nakamura,H (2769) Stavanger 2018}) 8. Re1 Be6 9. Nbd2 a6 {The position is equal.} 10. Bxe6 fxe6 11. Nc4 $146 ({Predecessor:} 11. h3 Nh5 12. Nf1 Qf6 13. Be3 Bxe3 14. fxe3 Qg6 15. Kh2 Rf7 {1-0 (34) Vega Gutierrez,S (2385)-Also Alvarado,L (2161) Agaete 2013}) 11... Ba7 12. Be3 Bxe3 13. Nxe3 b6 14. Qb3 {Black should prevent Ng5.} Qd7 15. Rad1 Kh8 16. Qc2 d5 (16... a5 $11) 17. b4 b5 18. Ra1 Rad8 19. axb5 axb5 20. Ra6 Nh5 (20... d4 $11 {keeps the balance.} 21. Rxc6 Qxc6 22. cxd4 Qxc2 23. Nxc2 Nd7) 21. Rxc6 (21. Ng4 $16) 21... Qxc6 $15 22. Nxe5 Qd6 23. d4 Nf4 24. f3 Kg8 25. g3 Ng6 26. Nxg6 hxg6 27. Kg2 (27. Ng4 $11) 27... g5 (27... dxe4 $15 28. Qxe4 Ra8) 28. Ng4 $11 Ra8 29. Ne5 dxe4 30. Qxe4 Qd5 31. Qg6 ({White should play} 31. Qd3 $11) 31... Ra2+ ({Better is} 31... Rf6 $15 32. Qxg5 Ra2+ 33. Kg1 Rc2) 32. Kh3 Rf2 (32... g4+ $11 33. Kxg4 (33. Qxg4 Rf6 $11) 33... Rxh2) 33. Re3 $2 {[#]} (33. Ng4 $14 {keeps the upper hand.} Qxf3 34. Nxf2 Qxf2 35. Qxe6+ Kh7 36. Qe3) 33... Qa2 $2 {[%mdl 8192] [#]} (33... Rf6 $1 $17 {[%cal Rf6g6] and life is bright.} 34. Qxg5 Rh6+ 35. Kg4 Rfxh2) 34. Ng4 $1 $18 Qc2 35. Qxe6+ Kh8 {And now ...Qh7+ would win.} 36. Nxf2 Qxf2 37. Kg4 Qxh2 {[#]} 38. Re5 {Played: Qe6-e7} 1-0

[Event "Nino Khurtsidze Memorial 2019"]
[Site "Vani"]
[Date "2019.09.18"]
[Round "5.2"]
[White "Melia, Salome"]
[Black "Javakhishvili, Lela"]
[Result "1-0"]
[WhiteElo "2376"]
[BlackElo "2458"]
[Annotator "TA"]
[PlyCount "115"]
[EventDate "2019.09.17"]
[EventType "tourn"]
[EventCountry "GEO"]
[SourceTitle "playchess.com"]
[Source "ChessBase"]
[SourceQuality "1"]

{[%evp 15,115,12,17,22,22,11,39,7,10,0,0,0,40,3,0,0,7,-42,13,14,18,20,246,237,217,235,301,281,279,281,282,286,335,291,289,271,253,162,142,160,166,165,170,166,177,177,166,170,176,144,177,176,193,170,159,73,280,230,237,220,316,339,335,337,336,285,362,370,379,363,383,329,320,299,420,430,413,312,305,195,567,497,511,464,596,588,648,496,492,492,607,589,910,567,681,679,766,643,956,968,5832,927]} 1. e4 d6 2. d4 Nf6 3. Nc3 g6 4. g3 Bg7 5. Bg2 O-O 6. Nge2 e5 7. h3 Nc6 8. Be3 Re8 9. O-O {B07: Pirc Defence: Miscellaneous Systems} exd4 10. Nxd4 Ne5 (10... Bd7 11. Re1 Qc8 12. Kh2 Re5 13. g4 h5 14. g5 Nh7 15. f4 Re8 16. h4 Nxd4 17. Bxd4 Bxd4 18. Qxd4 Bc6 19. Rad1 {1-0 (96) Puranik,A (2514)-Sjugirov,S (2677) Abu Dhabi 2018}) 11. Qe2 {White is slightly better.} c5 12. Nb3 Be6 13. Rfd1 Qe7 (13... Nc4 $5 {[%cal Rc4b2]}) 14. Nd2 $146 ({Predecessor:} 14. f4 Nc4 15. Bf2 Nxb2 16. Rdb1 Nxe4 17. Nxe4 Bf5 18. Re1 {0-1 (58) Plenca,J (2109)-Kende,G (2206) Budapest 2005}) 14... Rad8 15. f4 Nc6 16. Nb3 {[#]} a6 (16... Nxe4 $1 $15 {[%mdl 512]} 17. Nxe4 Bxh3 18. Nxd6 (18. Bxh3 Qxe4 19. Re1 Bxb2 $11) 18... Rxd6 19. Rxd6 Qxd6 20. Bxh3 Bd4 21. Nxd4 cxd4) 17. Qf2 Nd7 18. Re1 Nb6 $2 {[#]} (18... Bxc3 $11 {and Black is okay.} 19. bxc3 Qf6) 19. Nd5 $1 $18 {[%cal Rd5e7]} Bxd5 20. exd5 Nc4 {[%cal Rc4e3]} 21. Bd2 ({Don't do} 21. dxc6 Nxe3 22. cxb7 Bd4 $18) 21... N6e5 22. fxe5 Bxe5 23. Bf4 b6 24. Bxe5 dxe5 25. c3 f5 26. Re2 e4 27. Rd1 Ne5 28. Nc1 Qf7 29. b3 Rxd5 30. Rxd5 Qxd5 31. Rd2 Qe6 32. Qe3 Qf6 33. Ne2 g5 34. Rd5 Ng6 {[#]} 35. Qd2 (35. Rd1 $142 $1) 35... Re6 $2 (35... f4 $16) 36. Rd8+ Kg7 37. Rd7+ Kh8 (37... Re7 {was necessary.} 38. Qd5 Rxd7 39. Qxd7+ Qf7) 38. Qd5 Nf8 39. Rd8 {Strongly threatening Rxf8+!} Kg7 40. Ra8 Rd6 41. Ra7+ ({Less strong is} 41. Qc4 Rd1+ 42. Kh2 a5 $16) 41... Kh8 42. Qf7 a5 43. Qxf6+ Rxf6 44. g4 fxg4 (44... f4 $142 45. Bxe4 Re6) 45. hxg4 e3 46. Be4 Rf2 47. Bd3 Ne6 $2 (47... Ng6 48. Ng3 Ne5) 48. Rxh7+ {White is clearly winning.} Kg8 49. Rh2 Rf6 50. Bc4 Kg7 51. Bxe6 Rxe6 {[%mdl 4096] Endgame KRN-KR} 52. Ng3 Kg6 53. Kf1 Rd6 54. Ke1 Rd3 55. Ne4 b5 56. Rh5 b4 57. Rxg5+ {[%mdl 64] Double Attack} Kh6 58. Rxc5 {Accuracy: White = 64%, Black = 31%.} 1-0

[Event "Nino Khurtsidze Memorial 2019"]
[Site "Vani"]
[Date "2019.09.18"]
[Round "5.3"]
[White "Zhukova, Natalia"]
[Black "Lomineishvili, Maia"]
[Result "1-0"]
[WhiteElo "2333"]
[BlackElo "2342"]
[Annotator "TA"]
[PlyCount "85"]
[EventDate "2019.09.17"]
[EventType "tourn"]
[EventCountry "GEO"]
[SourceTitle "playchess.com"]
[Source "ChessBase"]
[SourceQuality "1"]

{[%evp 24,85,84,72,101,72,114,115,123,122,111,115,127,84,77,77,87,101,161,91,155,34,203,206,250,222,221,224,281,185,183,140,176,153,185,189,184,193,360,366,385,378,391,390,641,663,678,678,1069,1031,995,815,1025,1016,972,987,976,943,1786,1677,2884,2829,2670,1162]} 1. c4 b6 2. Nc3 Bb7 3. e4 c5 4. Nf3 d6 5. d4 cxd4 6. Nxd4 g6 7. Be2 Bg7 8. O-O Nf6 9. f3 O-O 10. Be3 Nbd7 11. Qd2 Rc8 12. Rac1 Ne5 13. b3 {[#]} Qc7 $146 {B38: Sicilian: Maroczy Bind with 5...Bg7 and 7...0-0} ({Predecessor:} 13... Re8 14. Rfd1 a6 15. h3 Qc7 16. Nd5 Qd8 17. Bh6 Bh8 18. Bg5 Ned7 19. Kh1 Bg7 20. Nc2 Rc6 21. Bh6 Bxh6 22. Qxh6 {1-0 (28) Bu,X (2714)-Leon Hoyos,M (2535) Beijing 2008}) 14. a4 Rfd8 {[#]} 15. a5 $1 {[%mdl 512]} bxa5 {White is better.} 16. Ndb5 Qd7 17. Nxa7 Ra8 18. Na4 {Threatens to win with Nb6.} Bc6 19. Nxc6 Qxc6 20. Nb6 $36 {[%mdl 2048] White has strong initiative.} Ra7 (20... Rab8 $16) 21. Nd5 (21. c5 $18) 21... Rb7 {[#]} (21... Qb7 $142) 22. Qxa5 (22. c5 $1 $16) 22... Rdb8 $2 {[#]} (22... Qe8 $14) 23. b4 $1 $18 e6 24. Nxf6+ Bxf6 25. b5 Qe8 26. c5 dxc5 27. Bxc5 Nd7 28. Be3 Ra8 29. Qd2 Nb6 30. Rc6 Na4 $2 (30... Qd8 31. Qxd8+ Bxd8) 31. Rfc1 h5 32. g3 Qe7 33. Ra6 Rbb8 $2 (33... Rd8) 34. Qa5 {White is clearly winning.} Rxa6 35. bxa6 Nb2 36. a7 Ra8 37. Qb6 Qe8 38. f4 Na4 39. Qb7 Nc3 40. Bf3 Na2 41. Rc7 Rd8 42. e5 Bh8 43. a8=Q {Accuracy: White = 71%, Black = 17%.} (43. Re7 $142 Qa4 44. Bb6 Bxe5 45. fxe5) 1-0